Datum a čas kvízu

23.5 Celkem bodů Celkový počet nahraných bodů na tomto kvízu bez doplňovacích otázek.
2. Pořadí na kvízu Konečné umístění týmu na tomto kvízu.

Zaznamenané odpovědi

# Otázka Odpověď Body Výsledky
1. Velmi zvláštní oznámení řešili... (bílého) klokana 1
2. Polský prezident přijal gratu... Andrzej Duda, António Guterres 1
3. Jak se nazývá pražské muzeum,... Museum Kampa 0
4. Ve středu došlo na jedné ze so... Twitter 1
5. V uplynulém týdnu se v českých... Nicolae Stanciu 1
6. Putování po našich dálnicích n... Veveří 0
7. Na D1 ještě zůstaneme. Již od... U Rybiček 0
8. Když pojedeme po D8, nemůžeme... V tomto roce zde byl vyzvednut základní kámen pro stavbu Národního divadla. 1
9. Po dálnici D10 se dostaneme až... Dlaskův statek 1
10. Přiřaďte následující zajímavá... 1C 2A 3D 4B 0